000 00921nam a2200277 i 4500
001 bg
100 1 _aPORĘBSKI, Leszek
245 1 0 _aElektroniczne oblicze polityki :
_bdemokracja, państwo, instytucje polityczne w okresie rewolucji informacyjnej /
_cLeszek Porębski.
260 _aKraków :
_bUczelniane Wydawnictwa Naukowo-Dydaktyczne AGH [Akademii Górniczo-Hutniczej],
_c2001.
300 _a213, [1] s. ;
_c24 cm.
500 _aStreszcz. ang.
504 _aBibliogr. Indeks.
650 9 _aInternet
_xa polityka
650 9 _aPolityka
_xa internet
650 9 _aSpołeczeństwo informacyjne
650 9 _aSpołeczeństwo obywatelskie
655 _aSzkice literackie
015 _aPB 12701/2002
020 _a8388408038
040 _cBPK
041 0 _apol
_beng
080 _a316.334.3:004.738.5:316.77:316.42
920 _a83-88408-03-8
942 _cKS
008 s pl f |000 0 pol
999 _c51326
_d51326
856 _uhttp://koha.tu.koszalin.pl/cgi-bin/koha/opac-detail.pl?biblionumber=51326
_yKatalog online BPK